[Event "Gibraltar Masters 15th"]
[Site "Caleta"]
[Date "2017.01.25"]
[Round "2"]
[White "Cordes, Hans Joerg"]
[Black "Odeh, Kenneth"]
[Result "1-0"]
[WhiteElo "2242"]
[BlackElo "1969"]
[PlyCount "109"]
[EventDate "2017.01.24"]
[EventType "swiss"]
[EventRounds "10"]
[EventCountry "GGB"]
[SourceTitle "CBM 177"]
[Source "ChessBase"]
[SourceDate "2017.03.16"]
[SourceVersion "1"]
[SourceVersionDate "2017.03.16"]
[SourceQuality "1"]

1. d4 Nf6 2. c4 g6 3. Nc3 d5 4. cxd5 Nxd5 5. e4 Nxc3 6. bxc3 Bg7 7. Bc4 c5 8. Ne2 0-0 9. 0-0 Nc6 10. Be3 Bg4 11. f3 cxd4 12. cxd4 Na5 13. Bd3 Be6 14. Rc1 Bxa2 15. Qa4 Bb3 16. Qb4 b6 17. Bg5 f6 18. Bf4 e5 19. Bg3 Bf7 20. Ba6 Re8 21. Rfd1 Qe7 22. Qxe7 Rxe7 23. dxe5 fxe5 24. Bh4 Ree8 25. Rc7 Be6 26. Nc3 h6 27. Be7 Nb3 28. Bb7 Rab8 29. Nd5 Nc5 30. Bxc5 bxc5 31. Ne7+ Kh7 32. Nc6 Rxb7 33. Rxb7 c4 34. Nd8 Kg8 35. Nxe6 Rxe6 36. Rd8+ Bf8 37. Rxa7 c3 38. Raa8 Rf6 39. Rac8 Kg7 40. Rd7+ Rf7 41. Rxf7+ Kxf7 42. Rxc3 Kf6 43. Rc6+ Kg5 44. g3 h5 45. Kg2 Ba3 46. h4+ Kh6 47. Kh3 Bb4 48. g4 Bd2 49. Rc7 hxg4+ 50. Kxg4 Bf4 51. Rc3 Kg7 52. h5 gxh5+ 53. Kxh5 Kf7 54. Kg4 Ke7 55. Kf5 1-0

[Event "Hessenliga 1617"]
[Site "Hessen"]
[Date "2017.01.15"]
[Round "5.1"]
[White "Dunsbach, Ralf"]
[Black "Cordes, Hans Joerg"]
[Result "1-0"]
[WhiteElo "2180"]
[BlackElo "2244"]
[PlyCount "109"]
[EventDate "2016.09.18"]
[EventType "team-tourn"]
[EventRounds "9"]
[EventCountry "GER"]
[SourceTitle "EXT 2018"]
[Source "ChessBase"]
[SourceDate "2017.10.13"]
[SourceVersion "1"]
[SourceVersionDate "2017.10.13"]
[SourceQuality "1"]
[WhiteTeam "Bad Homburg"]
[BlackTeam "Offenbach"]
[WhiteTeamCountry "GER"]
[BlackTeamCountry "GER"]

1. c4 e6 2. g3 d5 3. Bg2 Nf6 4. Nf3 Be7 5. 0-0 0-0 6. b3 c5 7. Bb2 Nc6 8. e3 d4 9. exd4 cxd4 10. Re1 Bc5 11. a3 a5 12. d3 Qd6 13. Nbd2 h6 14. Qe2 Bd7 15. Ne5 Be8 16. f4 Rb8 17. g4 Qe7 18. g5 hxg5 19. fxg5 Nxe5 20. Qxe5 Nd7 21. Qg3 b5 22. Re4 Bd6 23. Qh3 Qxg5 24. Nf3 Qf5 25. Rg4 Nf6 26. Rg5 Qxh3 27. Bxh3 e5 28. c5 Bc7 29. Re1 Nh7 30. Rh5 f6 31. Be6+ Bf7 32. Bxf7+ Rxf7 33. Rh3 Rd7 34. b4 axb4 35. axb4 Ra8 36. Bc1 Ra4 37. Bd2 Ra3 38. Nh4 Nf8 39. Nf5 g6 40. Nh6+ Kh8 41. Ng4+ Rh7 42. Rf3 f5 43. Nxe5 Re7 44. Nc6 Rxe1+ 45. Bxe1 Ne6 46. Bf2 Kg8 47. Nxd4 Ra1+ 48. Kg2 Nf4+ 49. Rxf4 Bxf4 50. Nxb5 Bd2 51. c6 Bxb4 52. c7 Rc1 53. Bb6 Rc2+ 54. Kf3 g5 55. h3 1-0

[Event "London Classic op 8th"]
[Site "London"]
[Date "2016.12.10"]
[Round "3"]
[White "Abrahams, Daniel"]
[Black "Cordes, Hans Joerg"]
[Result "0-1"]
[WhiteElo "2071"]
[BlackElo "2259"]
[PlyCount "52"]
[EventDate "2016.12.09"]
[EventType "swiss"]
[EventRounds "9"]
[EventCountry "ENG"]
[SourceTitle "CBM 176 Extra"]
[Source "ChessBase"]
[SourceDate "2017.03.02"]
[SourceVersion "1"]
[SourceVersionDate "2017.03.02"]
[SourceQuality "1"]

1. c4 e6 2. g3 f5 3. Bg2 Nf6 4. Nc3 d5 5. d3 Be7 6. e4 d4 7. Nce2 Nc6 8. exf5 e5 9. Bg5 Bxf5 10. Bxf6 Bb4+ 11. Kf1 Qxf6 12. a3 0-0 13. axb4 Bxd3 14. Bd5+ Kh8 15. f3 Nxb4 16. Qd2 a5 17. Bxb7 Rab8 18. Rxa5 Rxb7 19. Rb5 Rxb5 20. cxb5 Be4 21. Qxb4 Bxf3 22. Nxf3 Qxf3+ 23. Ke1 Qxh1+ 24. Kd2 Qf3 25. Qe7 Qe3+ 26. Ke1 Ra8 0-1